Classical Electrodynamics: (Record no. 5176)

MARC details
000 -LEADER
fixed length control field 00493nam a22001937a 4500
003 - CONTROL NUMBER IDENTIFIER
control field OSt
005 - DATE AND TIME OF LATEST TRANSACTION
control field 20160909132513.0
008 - FIXED-LENGTH DATA ELEMENTS--GENERAL INFORMATION
fixed length control field 160909b xxu||||| |||| 00| 0 eng d
020 ## - INTERNATIONAL STANDARD BOOK NUMBER
International Standard Book Number 038794799x
040 ## - CATALOGING SOURCE
Transcribing agency DDC.
082 ## - DEWEY DECIMAL CLASSIFICATION NUMBER
Classification number 537.6GRE 1998
100 ## - MAIN ENTRY--PERSONAL NAME
Personal name Greiner,Walter;
9 (RLIN) 11025
245 ## - TITLE STATEMENT
Title Classical Electrodynamics:
260 ## - PUBLICATION, DISTRIBUTION, ETC. (IMPRINT)
Place of publication, distribution, etc. New York.
-- Berlin..
Name of publisher, distributor, etc. Springer.
Date of publication, distribution, etc. 1998.
300 ## - PHYSICAL DESCRIPTION
Extent x,555p;
Other physical details ill;
Dimensions 23cm.
504 ## - BIBLIOGRAPHY, ETC. NOTE
Bibliography, etc includes index.
650 ## - SUBJECT ADDED ENTRY--TOPICAL TERM
Topical term or geographic name as entry element Physics.
9 (RLIN) 809
942 ## - ADDED ENTRY ELEMENTS (KOHA)
Source of classification or shelving scheme Dewey Decimal Classification
Koha item type Open Shelf
Holdings
Withdrawn status Lost status Source of classification or shelving scheme Damaged status Not for loan Home library Current library Date acquired Source of acquisition Inventory number Total Checkouts Full call number Barcode Date last seen Price effective from Koha item type
    Dewey Decimal Classification     MUST Main Library MUST Main Library 09/09/2016   08/31119   537.6GRE 1998 2016-4114 09/09/2016 09/09/2016 Open Shelf